[Event "Elite Hotels Open 2025"]
[Site "Elite Stadshotellet, Växjö, Sweden"]
[Date "2025.02.07"]
[Round "4.4"]
[White "Falkevall, Axel"]
[Black "Reid, Gregor J M"]
[Result "1-0"]
[TimeControl "R1-4: 15 min + 5 sek, R5-8: 90 min + 30 sek"]
[WhiteTitle "FM"]
[WhiteElo "2401"]
[BlackElo "2237"]

1. d4 {[%clk 00:15:07]} {[%emt 00:00:03]} Nf6 {[%clk 00:15:08]} {[%emt
00:00:02]} 2. c4 {[%clk 00:15:11]} g6 {[%clk 00:15:11]} {[%emt 00:00:04]} 3.
Nc3 {[%clk 00:15:15]} {[%emt 00:00:01]} Bg7 {[%clk 00:15:15]} 4. e4 {[%clk
00:15:19]} O-O {[%clk 00:15:16]} {[%emt 00:00:05]} 5. Be2 {[%clk 00:15:21]}
{[%emt 00:00:03]} d6 {[%clk 00:15:18]} {[%emt 00:00:03]} 6. h3 {[%clk
00:15:20]} {[%emt 00:00:06]} c5 {[%clk 00:15:20]} {[%emt 00:00:04]} 7. d5
{[%clk 00:15:23]} {[%emt 00:00:02]} b5 {[%clk 00:15:18]} {[%emt 00:00:06]} 8.
cxb5 {[%clk 00:15:20]} {[%emt 00:00:08]} a6 {[%clk 00:15:21]} {[%emt 00:00:03]}
9. bxa6 {[%clk 00:15:05]} {[%emt 00:00:21]} Qa5 {[%clk 00:15:20]} {[%emt
00:00:05]} 10. Bd2 {[%clk 00:14:52]} {[%emt 00:00:18]} Bxa6 {[%clk 00:15:19]}
{[%emt 00:00:06]} 11. Bxa6 {[%clk 00:13:57]} {[%emt 00:01:00]} Nxa6 {[%clk
00:14:12]} {[%emt 00:01:12]} 12. Nge2 {[%clk 00:13:39]} {[%emt 00:00:22]} Nb4
{[%clk 00:13:11]} {[%emt 00:01:06]} 13. O-O {[%clk 00:13:32]} {[%emt 00:00:13]}
Nd3 {[%clk 00:12:54]} {[%emt 00:00:22]} 14. b3 {[%clk 00:13:04]} {[%emt
00:00:33]} Qa6 {[%clk 00:12:05]} {[%emt 00:00:54]} 15. Rb1 {[%clk 00:12:36]}
{[%emt 00:00:33]} Nd7 {[%clk 00:11:29]} {[%emt 00:00:42]} 16. a4 {[%clk
00:12:26]} {[%emt 00:00:14]} f5 {[%clk 00:09:40]} {[%emt 00:01:54]} 17. Nb5
{[%clk 00:11:13]} {[%emt 00:01:18]} fxe4 {[%clk 00:09:04]} {[%emt 00:00:41]} 18.
Nc7 {[%clk 00:10:48]} {[%emt 00:00:30]} Qb7 {[%clk 00:09:07]} {[%emt 00:00:02]}
19. Nxa8 {[%clk 00:10:33]} {[%emt 00:00:21]} Qxa8 {[%clk 00:09:10]} {[%emt
00:00:01]} 20. Nc3 {[%clk 00:10:04]} {[%emt 00:00:34]} N7e5 {[%clk 00:05:57]}
{[%emt 00:03:19]} 21. Qe2 {[%clk 00:09:23]} {[%emt 00:00:45]} Rf3 {[%clk
00:05:30]} {[%emt 00:00:32]} 22. Nxe4 {[%clk 00:07:45]} {[%emt 00:01:43]} Qxd5
{[%clk 00:04:29]} {[%emt 00:01:05]} 23. gxf3 {[%clk 00:07:24]} {[%emt
00:00:27]} Qe6 {[%clk 00:03:22]} {[%emt 00:01:12]} 24. Ng5 {[%clk 00:06:38]}
{[%emt 00:00:51]} Qc8 {[%clk 00:02:29]} {[%emt 00:00:58]} 25. f4 {[%clk
00:06:25]} {[%emt 00:00:18]} h6 {[%clk 00:02:25]} {[%emt 00:00:08]} 26. fxe5
{[%clk 00:06:20]} {[%emt 00:00:11]} 1-0

[Event "Elite Hotels Open 2025"]
[Site "Elite Stadshotellet, Växjö, Sweden"]
[Date "2025.02.07"]
[Round "4.5"]
[White "Hald Falkesgaard, Jeppe"]
[Black "Krantz, Christopher"]
[Result "1-0"]
[TimeControl "R1-4: 15 min + 5 sek, R5-8: 90 min + 30 sek"]
[WhiteTitle "FM"]
[WhiteElo "2347"]
[BlackElo "2215"]

1. c4 {[%clk 00:15:08]} {[%emt 00:00:03]} g6 {[%clk 00:15:08]} {[%emt
00:00:02]} 2. g3 {[%clk 00:15:08]} {[%emt 00:00:05]} Bg7 {[%clk 00:15:12]} 3.
Bg2 {[%clk 00:15:11]} {[%emt 00:00:01]} d6 {[%clk 00:15:15]} {[%emt 00:00:01]}
4. d4 {[%clk 00:15:08]} {[%emt 00:00:09]} Nf6 {[%clk 00:15:10]} {[%emt
00:00:11]} 5. Nc3 {[%clk 00:15:11]} {[%emt 00:00:03]} O-O {[%clk 00:15:12]}
{[%emt 00:00:02]} 6. h3 {[%clk 00:15:14]} {[%emt 00:00:02]} Nc6 {[%clk
00:14:57]} {[%emt 00:00:20]} 7. Nf3 {[%clk 00:15:12]} {[%emt 00:00:07]} e5
{[%clk 00:14:48]} {[%emt 00:00:14]} 8. O-O {[%clk 00:15:11]} {[%emt 00:00:06]}
Re8 {[%clk 00:12:27]} {[%emt 00:02:25]} 9. Be3 {[%clk 00:13:36]} {[%emt
00:01:40]} exd4 {[%clk 00:11:32]} {[%emt 00:01:01]} 10. Nxd4 {[%clk 00:13:39]}
{[%emt 00:00:02]} Bd7 {[%clk 00:11:05]} {[%emt 00:00:33]} 11. Nxc6 {[%clk
00:13:11]} {[%emt 00:00:33]} bxc6 {[%clk 00:10:43]} {[%emt 00:00:26]} 12. Qd2
{[%clk 00:13:02]} {[%emt 00:00:15]} a5 {[%clk 00:10:33]} {[%emt 00:00:14]} 13.
Bg5 {[%clk 00:12:00]} {[%emt 00:01:07]} Qc8 {[%clk 00:10:21]} {[%emt 00:00:17]}
14. g4 {[%clk 00:12:03]} {[%emt 00:00:02]} Rb8 {[%clk 00:10:17]} {[%emt
00:00:10]} 15. Rad1 {[%clk 00:11:32]} {[%emt 00:00:35]} c5 {[%clk 00:09:59]}
{[%emt 00:00:23]} 16. b3 {[%clk 00:11:06]} {[%emt 00:00:31]} Qa6 {[%clk
00:09:04]} {[%emt 00:00:59]} 17. Qf4 {[%clk 00:10:37]} {[%emt 00:00:35]} Re6
{[%clk 00:09:07]} {[%emt 00:00:02]} 18. Nd5 {[%clk 00:10:31]} {[%emt 00:00:11]}
Ne8 {[%clk 00:08:34]} {[%emt 00:00:38]} 19. Ne7+ {[%clk 00:08:49]} {[%emt
00:01:47]} Kh8 {[%clk 00:07:24]} {[%emt 00:01:15]} 20. Qxf7 {[%clk 00:07:50]}
{[%emt 00:01:04]} Nf6 {[%clk 00:07:20]} {[%emt 00:00:09]} 21. Nxg6+ {[%clk
00:07:20]} {[%emt 00:00:35]} hxg6 {[%clk 00:07:14]} {[%emt 00:00:11]} 22. Bxf6
{[%clk 00:07:23]} {[%emt 00:00:02]} Bxf6 {[%clk 00:07:00]} {[%emt 00:00:20]} 23.
Bd5 {[%clk 00:06:45]} {[%emt 00:00:42]} 1-0

[Event "Elite Hotels Open 2025"]
[Site "Elite Stadshotellet, Växjö, Sweden"]
[Date "2025.02.07"]
[Round "4.6"]
[White "Ostlund, Joar"]
[Black "Sevastianov, Andrii"]
[Result "1-0"]
[TimeControl "R1-4: 15 min + 5 sek, R5-8: 90 min + 30 sek"]
[WhiteTitle "FM"]
[WhiteElo "2312"]
[BlackElo "2161"]

1. d4 {[%clk 00:15:07]} {[%emt 00:00:02]} d5 {[%clk 00:15:07]} {[%emt
00:00:03]} 2. c4 {[%clk 00:15:10]} {[%emt 00:00:02]} dxc4 {[%clk 00:15:09]}
{[%emt 00:00:03]} 3. Nf3 {[%clk 00:15:13]} {[%emt 00:00:02]} Nf6 {[%clk
00:15:12]} {[%emt 00:00:02]} 4. e3 {[%clk 00:15:16]} {[%emt 00:00:02]} e6
{[%clk 00:15:15]} {[%emt 00:00:02]} 5. Bxc4 {[%clk 00:15:17]} {[%emt 00:00:05]}
c5 {[%clk 00:15:17]} {[%emt 00:00:02]} 6. O-O {[%clk 00:15:15]} {[%emt
00:00:07]} Nc6 {[%clk 00:15:19]} {[%emt 00:00:03]} 7. Qe2 {[%clk 00:15:01]}
{[%emt 00:00:19]} a6 {[%clk 00:15:15]} {[%emt 00:00:09]} 8. a4 {[%clk
00:14:35]} {[%emt 00:00:31]} Be7 {[%clk 00:15:00]} {[%emt 00:00:19]} 9. Rd1
{[%clk 00:14:35]} {[%emt 00:00:05]} cxd4 {[%clk 00:15:01]} {[%emt 00:00:05]} 10.
exd4 {[%clk 00:14:37]} {[%emt 00:00:03]} O-O {[%clk 00:14:59]} {[%emt
00:00:07]} 11. Nc3 {[%clk 00:14:34]} {[%emt 00:00:09]} Nb4 {[%clk 00:13:28]}
{[%emt 00:01:35]} 12. Bg5 {[%clk 00:14:28]} {[%emt 00:00:10]} h6 {[%clk
00:12:31]} {[%emt 00:01:03]} 13. Bxf6 {[%clk 00:14:26]} {[%emt 00:00:07]} Bxf6
{[%clk 00:12:34]} {[%emt 00:00:02]} 14. Ne4 {[%clk 00:14:17]} {[%emt 00:00:15]}
b6 {[%clk 00:10:50]} {[%emt 00:01:49]} 15. Ne5 {[%clk 00:13:21]} {[%emt
00:01:00]} Ra7 {[%clk 00:09:22]} {[%emt 00:01:33]} 16. Ra3 {[%clk 00:12:24]}
{[%emt 00:01:02]} Rc7 {[%clk 00:06:58]} {[%emt 00:02:30]} 17. Rg3 {[%clk
00:10:25]} {[%emt 00:02:03]} Bb7 {[%clk 00:06:35]} {[%emt 00:00:29]} 18. b3
{[%clk 00:05:07]} {[%emt 00:05:22]} Bxe4 {[%clk 00:06:19]} {[%emt 00:00:21]} 19.
Qxe4 {[%clk 00:05:08]} {[%emt 00:00:04]} Kh8 {[%clk 00:04:11]} {[%emt
00:02:13]} 20. Rf3 {[%clk 00:04:03]} {[%emt 00:01:11]} Bxe5 {[%clk 00:03:30]}
{[%emt 00:00:45]} 21. Qxe5 {[%clk 00:04:04]} {[%emt 00:00:05]} Rd7 {[%clk
00:03:23]} {[%emt 00:00:11]} 22. Rg3 {[%clk 00:00:28]} {[%emt 00:03:41]} f6
{[%clk 00:01:43]} {[%emt 00:01:44]} 23. Qxe6 {[%clk 00:00:15]} {[%emt
00:00:20]} Rxd4 {[%clk 00:01:45]} {[%emt 00:00:03]} 24. Rxd4 {[%clk 00:00:12]}
{[%emt 00:00:08]} Qxd4 {[%clk 00:01:46]} {[%emt 00:00:03]} 25. h3 {[%clk
00:00:08]} {[%emt 00:00:10]} Qd1+ {[%clk 00:00:47]} {[%emt 00:01:03]} 26. Kh2
{[%clk 00:00:12]} Qd8 {[%clk 00:00:51]} {[%emt 00:00:02]} 27. Qg4 {[%clk
00:00:08]} {[%emt 00:00:09]} Qc7 {[%clk 00:00:42]} {[%emt 00:00:14]} 28. Qg6
{[%clk 00:00:06]} {[%emt 00:00:07]} Qd7 {[%clk 00:00:07]} {[%emt 00:00:40]} 29.
Be6 {[%clk 00:00:06]} {[%emt 00:00:05]} 1-0

[Event "Elite Hotels Open 2025"]
[Site "Elite Stadshotellet, Växjö, Sweden"]
[Date "2025.02.07"]
[Round "4.7"]
[White "Johansson, Ulf 1966"]
[Black "Ernst, Thomas"]
[Result "0-1"]
[TimeControl "R1-4: 15 min + 5 sek, R5-8: 90 min + 30 sek"]
[BlackTitle "GM"]
[WhiteElo "2101"]
[BlackElo "2299"]

1. e4 {[%clk 00:15:07]} {[%emt 00:00:03]} c5 {[%clk 00:15:08]} {[%emt
00:00:02]} 2. Nf3 {[%clk 00:15:09]} {[%emt 00:00:02]} e6 {[%clk 00:15:11]}
{[%emt 00:00:04]} 3. c4 {[%clk 00:15:11]} {[%emt 00:00:02]} Nc6 {[%clk
00:15:06]} {[%emt 00:00:11]} 4. Nc3 {[%clk 00:15:12]} {[%emt 00:00:03]} Nf6
{[%clk 00:15:05]} {[%emt 00:00:06]} 5. Be2 {[%clk 00:15:15]} {[%emt 00:00:02]}
Be7 {[%clk 00:14:24]} {[%emt 00:00:47]} 6. O-O {[%clk 00:14:21]} {[%emt
00:00:59]} O-O {[%clk 00:14:26]} {[%emt 00:00:03]} 7. d4 {[%clk 00:14:24]}
{[%emt 00:00:02]} cxd4 {[%clk 00:14:08]} {[%emt 00:00:23]} 8. Nxd4 {[%clk
00:14:26]} {[%emt 00:00:03]} d5 {[%clk 00:14:04]} {[%emt 00:00:09]} 9. exd5
{[%clk 00:13:56]} {[%emt 00:00:35]} exd5 {[%clk 00:14:06]} {[%emt 00:00:02]} 10.
Be3 {[%clk 00:13:51]} {[%emt 00:00:10]} Nxd4 {[%clk 00:13:32]} {[%emt
00:00:40]} 11. Bxd4 {[%clk 00:13:54]} {[%emt 00:00:02]} dxc4 {[%clk 00:13:27]}
{[%emt 00:00:11]} 12. Bxc4 {[%clk 00:13:56]} {[%emt 00:00:02]} Bd6 {[%clk
00:12:53]} {[%emt 00:00:38]} 13. h3 {[%clk 00:11:53]} {[%emt 00:02:08]} Bb8
{[%clk 00:12:27]} {[%emt 00:00:32]} 14. f4 {[%clk 00:04:37]} {[%emt 00:07:20]}
Be6 {[%clk 00:12:18]} {[%emt 00:00:15]} 15. Bd3 {[%clk 00:04:09]} {[%emt
00:00:33]} Qxd4+ {[%clk 00:11:55]} {[%emt 00:00:28]} 0-1

[Event "Elite Hotels Open 2025"]
[Site "Elite Stadshotellet, Växjö, Sweden"]
[Date "2025.02.07"]
[Round "4.8"]
[White "Cederstam, Carl"]
[Black "Trost, Martin"]
[Result "1-0"]
[TimeControl "R1-4: 15 min + 5 sek, R5-8: 90 min + 30 sek"]
[WhiteTitle "FM"]
[WhiteElo "2264"]
[BlackElo "1849"]

1. d4 {[%clk 00:15:07]} {[%emt 00:00:02]} c6 {[%clk 00:15:09]} {[%emt
00:00:02]} 2. c4 {[%clk 00:15:07]} {[%emt 00:00:05]} g6 {[%clk 00:15:13]}
{[%emt 00:00:02]} 3. Nf3 {[%clk 00:15:03]} {[%emt 00:00:08]} Bg7 {[%clk
00:15:16]} 4. Nc3 {[%clk 00:15:05]} {[%emt 00:00:03]} d6 {[%clk 00:15:15]}
{[%emt 00:00:07]} 5. g3 {[%clk 00:15:05]} {[%emt 00:00:05]} Nd7 {[%clk
00:15:17]} {[%emt 00:00:02]} 6. Bg2 {[%clk 00:15:08]} {[%emt 00:00:03]} Ngf6
{[%clk 00:15:20]} {[%emt 00:00:01]} 7. O-O {[%clk 00:15:09]} {[%emt 00:00:05]}
O-O {[%clk 00:15:21]} {[%emt 00:00:04]} 8. h3 {[%clk 00:15:11]} {[%emt
00:00:03]} e5 {[%clk 00:15:01]} {[%emt 00:00:26]} 9. e4 {[%clk 00:15:00]}
{[%emt 00:00:15]} Qe7 {[%clk 00:14:58]} {[%emt 00:00:08]} 10. Re1 {[%clk
00:14:56]} {[%emt 00:00:09]} Re8 {[%clk 00:14:53]} {[%emt 00:00:10]} 11. Rb1
{[%clk 00:14:45]} {[%emt 00:00:16]} Nf8 {[%clk 00:14:30]} {[%emt 00:00:28]} 12.
Be3 {[%clk 00:14:31]} {[%emt 00:00:18]} h6 {[%clk 00:13:22]} {[%emt 00:01:14]}
13. Qd2 {[%clk 00:12:39]} {[%emt 00:01:57]} g5 {[%clk 00:13:25]} {[%emt
00:00:02]} 14. c5 {[%clk 00:10:33]} {[%emt 00:02:11]} Ng6 {[%clk 00:06:02]}
{[%emt 00:07:28]} 15. cxd6 {[%clk 00:09:33]} {[%emt 00:01:05]} Qxd6 {[%clk
00:06:05]} {[%emt 00:00:02]} 16. Rbd1 {[%clk 00:08:53]} {[%emt 00:00:45]} Qc7
{[%clk 00:04:59]} {[%emt 00:01:11]} 17. d5 {[%clk 00:08:35]} {[%emt 00:00:24]}
Qe7 {[%clk 00:03:04]} {[%emt 00:02:00]} 18. Qc2 {[%clk 00:07:40]} {[%emt
00:00:59]} g4 {[%clk 00:02:42]} {[%emt 00:00:27]} 19. hxg4 {[%clk 00:07:40]}
{[%emt 00:00:05]} Bxg4 {[%clk 00:02:37]} {[%emt 00:00:11]} 20. Rd2 {[%clk
00:06:34]} {[%emt 00:01:10]} Red8 {[%clk 00:01:35]} {[%emt 00:01:07]} 21. Nh2
{[%clk 00:06:30]} {[%emt 00:00:09]} Bd7 {[%clk 00:01:27]} {[%emt 00:00:13]} 22.
Red1 {[%clk 00:06:20]} {[%emt 00:00:15]} Ng4 {[%clk 00:01:17]} {[%emt
00:00:16]} 23. Nxg4 {[%clk 00:06:20]} {[%emt 00:00:04]} Bxg4 {[%clk 00:01:20]}
{[%emt 00:00:02]} 24. f3 {[%clk 00:06:23]} {[%emt 00:00:02]} Bd7 {[%clk
00:01:21]} {[%emt 00:00:05]} 25. Rd3 {[%clk 00:06:09]} {[%emt 00:00:18]} h5
{[%clk 00:00:53]} {[%emt 00:00:33]} 26. Qd2 {[%clk 00:06:03]} {[%emt 00:00:11]}
Bf6 {[%clk 00:00:57]} {[%emt 00:00:02]} 27. d6 {[%clk 00:04:52]} {[%emt
00:01:16]} Qf8 {[%clk 00:00:44]} {[%emt 00:00:17]} 28. Bh6 {[%clk 00:04:26]}
{[%emt 00:00:30]} Bg7 {[%clk 00:00:28]} {[%emt 00:00:22]} 29. Bg5 {[%clk
00:04:25]} {[%emt 00:00:05]} f6 {[%clk 00:00:32]} {[%emt 00:00:02]} 30. Be3
{[%clk 00:04:25]} {[%emt 00:00:05]} Kh7 {[%clk 00:00:26]} {[%emt 00:00:11]} 31.
Kf2 {[%clk 00:04:18]} {[%emt 00:00:12]} Bh6 {[%clk 00:00:24]} {[%emt 00:00:07]}
32. Rh1 {[%clk 00:04:09]} {[%emt 00:00:13]} h4 {[%clk 00:00:27]} {[%emt
00:00:04]} 33. Bxh6 {[%clk 00:03:29]} {[%emt 00:00:44]} Qxh6 {[%clk 00:00:30]}
{[%emt 00:00:01]} 34. Qxh6+ {[%clk 00:03:33]} {[%emt 00:00:02]} Kxh6 {[%clk
00:00:35]} 35. f4 {[%clk 00:03:36]} {[%emt 00:00:02]} exf4 {[%clk 00:00:17]}
{[%emt 00:00:23]} 36. gxf4 {[%clk 00:03:40]} Kg7 {[%clk 00:00:06]} {[%emt
00:00:16]} 37. f5 {[%clk 00:02:49]} {[%emt 00:00:55]} Ne5 {[%clk 00:00:10]} 38.
Rdh3 {[%clk 00:02:48]} {[%emt 00:00:05]} Rh8 {[%clk 00:00:07]} {[%emt
00:00:09]} 39. Rxh4 {[%clk 00:02:48]} {[%emt 00:00:04]} Rxh4 {[%clk 00:00:10]}
{[%emt 00:00:04]} 40. Rxh4 {[%clk 00:02:52]} {[%emt 00:00:01]} Nd3+ {[%clk
00:00:08]} {[%emt 00:00:07]} 41. Ke3 {[%clk 00:02:36]} {[%emt 00:00:16]} Nxb2
{[%clk 00:00:11]} {[%emt 00:00:06]} 42. Rg4+ {[%clk 00:02:29]} {[%emt
00:00:12]} Kf7 {[%clk 00:00:16]} 43. Bf1 {[%clk 00:02:11]} {[%emt 00:00:23]} b5
{[%clk 00:00:19]} {[%emt 00:00:02]} 44. Rg2 {[%clk 00:02:07]} {[%emt 00:00:08]}
Nc4+ {[%clk 00:00:11]} {[%emt 00:00:14]} 45. Bxc4+ {[%clk 00:02:11]} {[%emt
00:00:01]} bxc4 {[%clk 00:00:15]} {[%emt 00:00:01]} 46. Rb2 {[%clk 00:01:52]}
{[%emt 00:00:23]} Bc8 {[%clk 00:00:07]} {[%emt 00:00:14]} 47. Rh2 {[%clk
00:01:34]} {[%emt 00:00:22]} Kg7 {[%clk 00:00:08]} {[%emt 00:00:05]} 48. Kd4
{[%clk 00:01:24]} {[%emt 00:00:15]} Ba6 {[%clk 00:00:12]} 49. Kc5 {[%clk
00:01:20]} {[%emt 00:00:09]} Bb5 {[%clk 00:00:06]} {[%emt 00:00:11]} 50. a4
{[%clk 00:01:14]} {[%emt 00:00:11]} Ba6 {[%clk 00:00:06]} {[%emt 00:00:06]} 51.
d7 {[%clk 00:00:55]} {[%emt 00:00:23]} Rd8 {[%clk 00:00:06]} {[%emt 00:00:06]}
52. Kxc6 {[%clk 00:00:56]} {[%emt 00:00:04]} Kf7 {[%clk 00:00:08]} {[%emt
00:00:03]} 53. Nd5 {[%clk 00:00:48]} {[%emt 00:00:12]} Rg8 {[%clk 00:00:07]}
{[%emt 00:00:06]} 54. Rh7+ {[%clk 00:00:47]} {[%emt 00:00:06]} Kf8 {[%clk
00:00:09]} {[%emt 00:00:03]} 1-0

[Event "Elite Hotels Open 2025"]
[Site "Elite Stadshotellet, Växjö, Sweden"]
[Date "2025.02.07"]
[Round "4.9"]
[White "Tornberg, Carlos"]
[Black "Sorensen, Hampus"]
[Result "1/2-1/2"]
[TimeControl "R1-4: 15 min + 5 sek, R5-8: 90 min + 30 sek"]
[BlackTitle "IM"]
[WhiteElo "2086"]
[BlackElo "2430"]

1. e4 {[%clk 00:15:08]} {[%emt 00:00:02]} c5 {[%clk 00:15:09]} {[%emt
00:00:02]} 2. c3 {[%clk 00:15:11]} {[%emt 00:00:02]} Nf6 {[%clk 00:15:12]}
{[%emt 00:00:01]} 3. e5 {[%clk 00:15:15]} {[%emt 00:00:01]} Nd5 {[%clk
00:15:15]} {[%emt 00:00:01]} 4. d4 {[%clk 00:15:19]} {[%emt 00:00:02]} cxd4
{[%clk 00:15:16]} {[%emt 00:00:04]} 5. Qxd4 {[%clk 00:15:23]} {[%emt 00:00:02]}
e6 {[%clk 00:15:08]} {[%emt 00:00:12]} 6. Nf3 {[%clk 00:15:27]} {[%emt
00:00:02]} Nc6 {[%clk 00:15:07]} {[%emt 00:00:06]} 7. Qe4 {[%clk 00:15:30]}
{[%emt 00:00:01]} f5 {[%clk 00:14:41]} {[%emt 00:00:31]} 8. Qe2 {[%clk
00:15:34]} {[%emt 00:00:02]} d6 {[%clk 00:13:31]} {[%emt 00:01:15]} 9. g3
{[%clk 00:14:25]} {[%emt 00:01:14]} dxe5 {[%clk 00:12:23]} {[%emt 00:01:13]} 10.
Nxe5 {[%clk 00:14:21]} {[%emt 00:00:08]} Nxe5 {[%clk 00:11:40]} {[%emt
00:00:48]} 11. Qxe5 {[%clk 00:14:24]} {[%emt 00:00:03]} Qf6 {[%clk 00:11:40]}
{[%emt 00:00:05]} 12. Bb5+ {[%clk 00:14:01]} {[%emt 00:00:27]} Kf7 {[%clk
00:10:38]} {[%emt 00:01:08]} 13. Qe2 {[%clk 00:13:06]} {[%emt 00:00:59]} Be7
{[%clk 00:08:24]} {[%emt 00:02:19]} 14. O-O {[%clk 00:12:55]} {[%emt 00:00:17]}
Rd8 {[%clk 00:08:26]} {[%emt 00:00:03]} 15. Re1 {[%clk 00:11:40]} {[%emt
00:01:19]} Bd7 {[%clk 00:07:19]} {[%emt 00:01:13]} 16. Bxd7 {[%clk 00:10:44]}
{[%emt 00:01:01]} Rxd7 {[%clk 00:07:22]} {[%emt 00:00:02]} 17. Bg5 {[%clk
00:10:38]} {[%emt 00:00:10]} Qg6 {[%clk 00:07:21]} {[%emt 00:00:06]} 18. Bxe7
{[%clk 00:10:35]} {[%emt 00:00:08]} Nxe7 {[%clk 00:07:10]} {[%emt 00:00:16]} 19.
Nd2 {[%clk 00:10:10]} {[%emt 00:00:30]} Nc6 {[%clk 00:06:34]} {[%emt 00:00:42]}
20. Nf3 {[%clk 00:10:06]} {[%emt 00:00:08]} Qf6 {[%clk 00:06:09]} {[%emt
00:00:30]} 21. Qxe6+ {[%clk 00:08:45]} {[%emt 00:01:27]} Qxe6 {[%clk 00:06:12]}
{[%emt 00:00:02]} 22. Ng5+ {[%clk 00:08:49]} Kf6 {[%clk 00:05:32]} {[%emt
00:00:44]} 23. Nxe6 {[%clk 00:08:41]} {[%emt 00:00:14]} Ne5 {[%clk 00:04:49]}
{[%emt 00:00:48]} 24. Re2 {[%clk 00:07:05]} {[%emt 00:01:40]} Re8 {[%clk
00:03:40]} {[%emt 00:01:14]} 25. Nd4 {[%clk 00:05:27]} {[%emt 00:01:43]} Nf3+
{[%clk 00:02:59]} {[%emt 00:00:46]} 26. Kg2 {[%clk 00:05:09]} {[%emt 00:00:24]}
Rxe2 {[%clk 00:03:01]} {[%emt 00:00:03]} 27. Nxe2 {[%clk 00:05:06]} {[%emt
00:00:08]} Ne5 {[%clk 00:03:02]} {[%emt 00:00:03]} 28. Nd4 {[%clk 00:04:56]}
{[%emt 00:00:15]} Nc4 {[%clk 00:02:34]} {[%emt 00:00:34]} 29. b3 {[%clk
00:04:39]} {[%emt 00:00:21]} Nd6 {[%clk 00:02:33]} {[%emt 00:00:06]} 30. f3
{[%clk 00:04:33]} {[%emt 00:00:12]} Ne8 {[%clk 00:01:52]} {[%emt 00:00:46]} 31.
Re1 {[%clk 00:04:30]} {[%emt 00:00:07]} Nc7 {[%clk 00:01:56]} 32. Kf2 {[%clk
00:02:09]} {[%emt 00:02:27]} Nd5 {[%clk 00:01:58]} {[%emt 00:00:03]} 33. Ne2
{[%clk 00:02:07]} {[%emt 00:00:07]} Rc7 {[%clk 00:01:49]} {[%emt 00:00:15]} 34.
Rc1 {[%clk 00:01:42]} {[%emt 00:00:28]} Ke5 {[%emt 00:00:13]} 1/2-1/2

[Event "Elite Hotels Open 2025"]
[Site "Elite Stadshotellet, Växjö, Sweden"]
[Date "2025.02.07"]
[Round "4.10"]
[White "Joensson, Oscar"]
[Black "Muntean, Victor"]
[Result "0-1"]
[TimeControl "R1-4: 15 min + 5 sek, R5-8: 90 min + 30 sek"]
[WhiteElo "2022"]
[BlackElo "2165"]

1. d4 {[%clk 00:15:09]} Nf6 {[%clk 00:15:10]} {[%emt 00:00:01]} 2. c4 {[%clk
00:15:12]} {[%emt 00:00:02]} a6 {[%clk 00:15:14]} {[%emt 00:00:01]} 3. g3
{[%clk 00:15:12]} {[%emt 00:00:05]} c5 {[%clk 00:15:17]} {[%emt 00:00:02]} 4.
Nf3 {[%clk 00:14:59]} {[%emt 00:00:17]} cxd4 {[%clk 00:14:48]} {[%emt
00:00:33]} 5. Bg2 {[%clk 00:14:35]} {[%emt 00:00:30]} e5 {[%clk 00:14:18]}
{[%emt 00:00:36]} 6. O-O {[%clk 00:14:36]} {[%emt 00:00:04]} d6 {[%clk
00:14:02]} {[%emt 00:00:21]} 7. e3 {[%clk 00:14:29]} {[%emt 00:00:11]} dxe3
{[%clk 00:13:28]} {[%emt 00:00:39]} 8. Bxe3 {[%clk 00:14:32]} {[%emt 00:00:02]}
Nc6 {[%clk 00:13:01]} {[%emt 00:00:33]} 9. Re1 {[%clk 00:11:48]} {[%emt
00:02:48]} Be7 {[%clk 00:12:58]} {[%emt 00:00:09]} 10. Nc3 {[%clk 00:11:26]}
{[%emt 00:00:26]} O-O {[%clk 00:12:13]} {[%emt 00:00:50]} 11. h3 {[%clk
00:08:30]} {[%emt 00:03:01]} Rb8 {[%clk 00:10:39]} {[%emt 00:01:40]} 12. Rc1
{[%clk 00:06:54]} {[%emt 00:01:40]} b5 {[%clk 00:09:19]} {[%emt 00:01:25]} 13.
cxb5 {[%clk 00:05:54]} {[%emt 00:01:05]} axb5 {[%clk 00:09:22]} {[%emt
00:00:02]} 14. Nxb5 {[%clk 00:05:20]} {[%emt 00:00:40]} Rxb5 {[%clk 00:09:26]}
15. Rxc6 {[%clk 00:05:23]} {[%emt 00:00:02]} Rxb2 {[%clk 00:09:29]} {[%emt
00:00:02]} 16. Rc2 {[%clk 00:03:03]} {[%emt 00:02:25]} Rxc2 {[%clk 00:08:37]}
{[%emt 00:00:57]} 17. Qxc2 {[%clk 00:03:06]} {[%emt 00:00:02]} Bb7 {[%clk
00:08:01]} {[%emt 00:00:41]} 18. Qb2 {[%clk 00:01:30]} {[%emt 00:01:40]} Qa8
{[%clk 00:07:48]} {[%emt 00:00:18]} 19. Qe2 {[%clk 00:00:34]} {[%emt 00:01:01]}
Rc8 {[%clk 00:07:29]} {[%emt 00:00:23]} 20. Bg5 {[%clk 00:00:15]} {[%emt
00:00:25]} h6 {[%clk 00:06:38]} {[%emt 00:00:57]} 21. Bxf6 {[%clk 00:00:12]}
{[%emt 00:00:07]} Bxf6 {[%clk 00:06:42]} {[%emt 00:00:02]} 22. Rd1 {[%clk
00:00:12]} {[%emt 00:00:04]} Rc3 {[%clk 00:06:10]} {[%emt 00:00:37]} 23. Ne1
{[%clk 00:00:13]} {[%emt 00:00:05]} Bxg2 {[%clk 00:06:03]} {[%emt 00:00:11]} 24.
Nxg2 {[%clk 00:00:16]} {[%emt 00:00:01]} d5 {[%clk 00:06:01]} {[%emt 00:00:08]}
25. Ne3 {[%clk 00:00:10]} {[%emt 00:00:12]} d4 {[%clk 00:06:00]} {[%emt
00:00:06]} 26. Ng4 {[%clk 00:00:14]} Qf3 {[%clk 00:05:22]} {[%emt 00:00:43]} 27.
Nxf6+ {[%clk 00:00:13]} {[%emt 00:00:05]} Qxf6 {[%clk 00:05:09]} {[%emt
00:00:18]} 28. Re1 {[%clk 00:00:13]} {[%emt 00:00:05]} d3 {[%clk 00:05:08]}
{[%emt 00:00:07]} 29. Qb2 {[%clk 00:00:11]} {[%emt 00:00:07]} Rc2 {[%clk
00:05:04]} {[%emt 00:00:08]} 30. Qb8+ {[%clk 00:00:13]} {[%emt 00:00:03]} Kh7
{[%clk 00:05:08]} {[%emt 00:00:02]} 31. Qa7 {[%clk 00:00:09]} {[%emt 00:00:09]}
d2 {[%clk 00:04:58]} {[%emt 00:00:14]} 32. Rf1 {[%clk 00:00:10]} {[%emt
00:00:04]} Qf3 {[%clk 00:04:50]} {[%emt 00:00:13]} 33. Qd7 {[%clk 00:00:07]}
{[%emt 00:00:07]} Rxa2 {[%clk 00:04:32]} {[%emt 00:00:24]} 0-1